Commission on narcotic drngs report on the Sixth speical session (Record no. 692894)

MARC details
000 -LEADER
fixed length control field 00842nam a2200253Ia 4500
003 - CONTROL NUMBER IDENTIFIER
control field OSt
005 - DATE AND TIME OF LATEST TRANSACTION
control field 20220927105532.0
008 - FIXED-LENGTH DATA ELEMENTS--GENERAL INFORMATION
fixed length control field 220926b |||||||| |||| 00| 0 eng d
037 ## - SOURCE OF ACQUISITION
Terms of availability Reference Collections
040 ## - CATALOGING SOURCE
Original cataloging agency RTL
Transcribing agency RTL
Language of cataloging eng
041 ## - LANGUAGE CODE
Source of code eng
Language code of text/sound track or separate title eng
110 ## - MAIN ENTRY--CORPORATE NAME
Corporate name or jurisdiction name as entry element "United Nations, Economic and social council."
9 (RLIN) 353648
245 #0 - TITLE STATEMENT
Title Commission on narcotic drngs report on the Sixth speical session
Remainder of title Official records
260 ## - PUBLICATION, DISTRIBUTION, ETC.
Place of publication, distribution, etc. New
Name of publisher, distributor, etc. York U.N.
Date of publication, distribution, etc. 1980
300 ## - PHYSICAL DESCRIPTION
Extent vi; 89p.
Dimensions cm.
490 ## - SERIES STATEMENT
Series statement Supplement no.4
700 ## - ADDED ENTRY--PERSONAL NAME
Personal name "United Nations, Economic and social council."
9 (RLIN) 353649
942 ## - ADDED ENTRY ELEMENTS (KOHA)
Classification part "V1N45,93:3(Y:414).N80r, M0-4/UN"
Koha item type
Holdings
Withdrawn status Lost status Damaged status Not for loan Home library Current library Date acquired Total Checkouts Full call number Barcode Date last seen Price effective from Koha item type
        Ratan Tata Library Ratan Tata Library 2022-09-27   "V1N45,93:3(Y:414).N80r M0-4/UN" RT1412561 2022-09-27 2022-09-27  
Copyright @ Delhi University Library System